| 000 | 00603nam a22002057a 4500 | ||
|---|---|---|---|
| 005 | 20240205172252.0 | ||
| 010 | _aENG-139120 | ||
| 020 |
_a9788183334150 _c99.00 |
||
| 035 | _aEN-122652 | ||
| 037 | _bDBAD/PUB | ||
| 082 | _a004.25 | ||
| 100 |
_aJain Satish _961682 |
||
| 245 |
_a'A' Level _cSatish Jain and Kratika _bComputer System Architecture |
||
| 250 | _aFirst Edition | ||
| 260 |
_aNew Delhi _bBPB PUBLICATIONS _c2011 |
||
| 270 |
_bNew Delhi _aB-14,Cannaught Place _e110001 |
||
| 300 |
_a146p. _c9cm(pb) |
||
| 700 |
_aKratika _961641 |
||
| 942 |
_2ddc _cEN _mJAI _h004.25 |
||
| 999 |
_c200550 _d200550 |
||